| 000 | 01216nam a2200325 a 4500 | ||
|---|---|---|---|
| 001 | 000023386 | ||
| 005 | 20250304113420.0 | ||
| 008 | 101206s1982 sp a 001 0 spa d | ||
| 020 | _a8432047252 | ||
| 020 | _a388472004x | ||
| 040 |
_aDO-SdBNP _bspa _cBNPHU |
||
| 041 | 1 | 7 |
_aspa _hger _2Código de idiomas MARC |
| 082 |
_a590.9 _bW473d |
||
| 100 | 1 |
_aWendt, Herbert. _948170 |
|
| 240 | 1 | 0 |
_aDie entdeckung der tiere. _lEspañol |
| 245 | 1 | 3 |
_aEl descubrimiento de los animales : _bde la leyenda del unicornio hasta la etología / _cHerbert Wendt ; prefacio Bernhard Grzimek ; introducción Armin Geus ; traducción Alfonsina Janés Nadal. |
| 260 |
_aBarcelona : _bPlaneta, _c1982. |
||
| 300 |
_a[323] p. : _bil. ; _c23 cm. |
||
| 490 | 1 | _aAl filo del tiempo | |
| 500 | _aIncluye índice de ilustraciones y analítico. | ||
| 504 | _aBibliografía : 303-307 p. | ||
| 534 |
_aTítulo original : _tDie entdeckung der tiere |
||
| 650 | 0 |
_aZoología _948171 |
|
| 700 | 1 |
_aJanés Nadal, Alfonsina, _etr. _948172 |
|
| 700 | 1 |
_aGrzimek, Bernhard, _epról. _948173 |
|
| 700 | 1 |
_aGeus, Armin, _eintrod. _948174 |
|
| 700 | 1 |
_aJanés Nadal, Alfonsina, _etr. _948172 |
|
| 830 | 0 |
_aAl filo del tiempo _948175 |
|
| 049 | _aBNGR | ||
| 999 |
_c22883 _d22883 |
||